000 00777nas a2200253 4500
001 BR9604960
003 BR-BrBNA
005 20231205095825.0
007 ta
008 230509b bl.|||p| |||| 00| 00por d
040 _aBR-BrBNA
_bpor
_cBiblioteca Nacional de Agricultura
041 _a(Pt)
072 _aP35
100 1 _aSengik, E.
100 1 _aKiehl, J.C.
245 1 _aControle da volatilizacao de amonia em terra tratada com ureia e turfa pelo emprego de sais inorganicos
650 _aTurfa
650 _aUreia
650 _aAmonia
650 _aLatossolo Roxo
773 0 _tRevista Brasileira de Ciencia do Solo (Brazil)
_xISSN 0100-0683
_g(Sep-Dec 1995), v. 19(3) p. 455-461
_wBR9604960
909 _a202311
_bLúcia
_c55
_dLúcia Elande
942 _2AGRIS
_n0
_cANA
999 _c152906
_d152906